Surinam: recommendations for a ten year development program /

Bibliographic Details
Corporate Author: World Bank
Format: Book
Language:English
Published: Baltimore : Published for International Bank for Reconstruction and Development by the Johns Hopkins Press, 1952.
Subjects:

MARC

Tag First Indicator Second Indicator Subfields
LEADER 00000cam a2200000 4500
001 in00000055507
005 20151008052240.0
008 750128s1952 mdu 00000 eng u
010 |a  52012836  
035 |a (OCoLC)01155265 
035 |9 AAH2442AM 
040 |c IXA  |d TXA  |d UtOrBLW 
049 |a TXAM  |c [217490] 
050 0 0 |a HC212  |b .I6 1952a 
082 0 |a 338.988 
090 |a HC212  |b .I6 1952 
092 |a 338.988  |b I61s 
110 2 |a World Bank. 
245 1 0 |a Surinam: recommendations for a ten year development program /  |c report of a mission organized by the International Bank for Reconstruction and Development at the request of the Governments of the Netherlands and of Surinam. 
264 1 |a Baltimore :  |b Published for International Bank for Reconstruction and Development by the Johns Hopkins Press,  |c 1952. 
300 |a xxvi, 271 pages :  |b color maps (1 folded) ;  |c 23 cm. 
336 |a text  |b txt  |2 rdacontent 
337 |a unmediated  |b n  |2 rdamedia 
338 |a volume  |b nc  |2 rdacarrier 
651 0 |a Suriname  |x Economic policy. 
999 |a MARS 
999 f f |s e3fcc4ba-2047-3ba0-bab0-f2f571a9dd7c  |i 9d3c5db1-048a-30bf-9575-da07f8d8f5fc  |t 0 
952 f f |p ric  |a Texas A&M University  |b Rellis Campus  |c Joint Library Facility  |d Remote Storage  |t 0  |e HC212 .I6 1952  |h Library of Congress classification  |i unmediated -- volume  |m A14800776488 
998 f f |a HC212 .I6 1952  |t 0  |l Remote Storage